| 000 | 00484nam a2200193 a 4500 | ||
|---|---|---|---|
| 001 | 1765802922223 | ||
| 003 | ACL | ||
| 005 | 20251215182000.0 | ||
| 008 | 251215s2008##################000#0#eng## | ||
| 020 | _a9780747593331 | ||
| 082 | 0 | 4 |
_a641.22 _bMAC |
| 100 | 1 |
_aMacLean, Natalie, _eauthor. |
|
| 245 | 1 | 0 | _aRed, White and Drunk All Over : |
| 260 |
_bBloomsbury Paperbacks, _c2008. |
||
| 300 | _a288 pages | ||
| 650 | 0 | _aCalifornia. | |
| 942 | _cENGLISH | ||
| 040 |
_aACL _beng _cACL |
||
| 999 |
_c602583 _d602583 |
||